000 00790nam a2200205Ia 4500
999 _c40765
_d40765
001 7404
003 GE_BSU
005 20231124123948.0
008 181216s1975||||ge |||||||||||||| ||geo||
040 _cGE_BSU
041 _ageo
080 _a821.353.1-32 გ-30
100 _aგელაშვილი, გიორგი
_95742
245 _aორი ამონაყარი ერთი ძირიდან :
_bმოთხრობები /
_cგიორგი გელაშვილი ; რედ. მ. ქოიავა.
264 _aთბილისი :
_bმერანი,
_c1975.
300 _a281 გვ. ;
_c17 სმ.
653 _aმოთხრობები
700 _aქოიავა, მ.
_eრედაქტორი
_94864
942 _cBK
_2udc